[Event "42nd Arco Festival 2020"]
[Site "Arco"]
[Date "2020.10.11"]
[Round "2.6"]
[White "Fuochi, Tommaso"]
[Black "Trabattoni, Franco"]
[Result "1-0"]
[WhiteElo "1992"]
[BlackElo "2246"]
[Annotator "TA"]
[PlyCount "83"]
[EventDate "2020.10.10"]
[EventType "swiss"]
[EventCountry "ITA"]
[SourceTitle "playchess.com"]
[Source "ChessBase"]
[SourceQuality "1"]

{[%evp 28,83,-8,-43,0,0,-4,-17,3,0,54,26,27,0,89,86,111,92,112,111,120,112,215,213,207,95,116,85,183,188,177,189,256,254,253,253,547,232,232,232,232,241,246,239,246,231,266,215,449,304,302,241,606,591,567,-29993,-29994,-29994]} 1. Nf3 Nf6 2. c4 g6 3. g3 Bg7 4. Bg2 O-O 5. O-O d6 6. Nc3 Nc6 7. d3 e5 8. Rb1 a5 9. Bg5 h6 10. Bxf6 Bxf6 11. a3 Bg7 12. b4 axb4 13. axb4 f5 14. b5 Ne7 15. Nd5 (15. Qb3 {is more complex.} Be6 16. Nd2 c6 17. Ra1 Qd7 18. Rfb1) 15... Kh7 {[#] A26: English Opening vs King's Indian with ...Nc6 and d3.} 16. Nxe7 $146 ({Predecessor:} 16. Nd2 f4 17. Nxe7 Qxe7 18. Ne4 Be6 19. Qc2 c6 20. c5 d5 21. Nd6 Rab8 22. Rb4 {1-0 (37) Paunovic,D (2473)-Sousa,A (2187) Figueira da Foz 2014}) 16... Qxe7 17. Ne1 e4 {The position is equal.} 18. Nc2 Bd7 (18... c6 $11) 19. dxe4 fxe4 20. Qd5 c6 (20... Rae8 $11) 21. Qxe4 $16 Qg5 {And now ...Bf5 would win.} 22. Qd3 Qc5 23. bxc6 bxc6 24. Rb7 Rf7 (24... Be6 $16 {might work better.}) 25. Be4 $18 Kh8 26. Qb3 (26. Bxg6 $6 Bf5 $16) (26. Ne3 $18 {is more deadly.}) 26... Raf8 {[%cal Rf7f2]} 27. e3 Qh5 {[#]} (27... Be6 $16 28. Rxf7 Bxf7) 28. Qd3 $1 Qc5 29. Nd4 g5 {[#]} (29... Bxd4 {is a better defense.} 30. exd4 Qg5) 30. Rxd7 $1 {[%mdl 576] Remove Defender} Rxd7 31. Ne6 {[%mdl 64] Double Attack} ({Inferior is} 31. Nxc6 Rc7 $11) ({Not} 31. Bxc6 Rdd8 $14) 31... Qb6 $2 (31... Qe5) 32. Nxf8 (32. Rb1 $142 Qa7 33. Nxf8 Bxf8 34. Bxc6) 32... Bxf8 33. Rb1 Qc7 34. Qc3+ Bg7 35. Qb3 {Hoping for Qb8+.} Rd8 36. Bc2 Be5 37. Qd3 Qg7 $2 (37... Qf7 38. Rb6 c5) 38. Rb6 {c5 is the strong threat.} Rc8 39. Qb3 {aiming for Rb7.} Qf6 $2 (39... Rf8 40. Rb7 (40. Rxc6 Qf7 $11) 40... Rf7) 40. Rb7 Rf8 41. Qd3 $4 {[%mdl 8192]} (41. f4 $18) 41... Qxf2+ 42. Kh1 {[%mdl 32768] Never resign too early! Accuracy: White = 59%, Black = 32%. . Sensor Board Error (Ke4/e5)?} 1-0

[Event "42nd Arco Festival 2020"]
[Site "Arco"]
[Date "2020.10.11"]
[Round "2.7"]
[White "Felgendreher, Heiko"]
[Black "von Wantoch, Markus"]
[Result "1-0"]
[WhiteElo "2230"]
[BlackElo "1992"]
[Annotator "TA"]
[PlyCount "47"]
[EventDate "2020.10.10"]
[EventType "swiss"]
[EventCountry "ITA"]
[SourceTitle "playchess.com"]
[Source "ChessBase"]
[SourceQuality "1"]

{[%evp 15,47,35,33,-32,49,1,11,6,38,1,51,50,49,38,53,59,66,71,73,64,99,98,153,114,134,87,217,217,214,208,327,308,290,261]} 1. e4 d5 2. exd5 Qxd5 3. Nc3 Qa5 4. d4 Nf6 5. Bd2 c6 6. Bc4 Bf5 7. Qe2 Qc7 8. Nf3 e6 9. Nh4 {B01: Scandinavian Defence.} ({Better is} 9. Bb3 $14) 9... Bg6 (9... Bxc2 $15 10. f4 Be7) 10. h3 Nbd7 11. O-O-O {The position is equal.} O-O-O 12. Kb1 Bd6 13. Nxg6 hxg6 {[#]} 14. Ne4 $146 ({Predecessor:} 14. Rhe1 Qb6 15. f3 Rh4 16. Be3 Ba3 17. Bb3 Bd6 18. d5 Qc7 19. dxe6 fxe6 20. Bxe6 {1-0 (46) Wu,L (1345)-Schumacher,S (1156) Oberhof 2013}) 14... Bf4 15. Ng5 $36 {[%mdl 2048] [#] Bxf4 is the strong threat. White has the initiative.} Bxg5 16. Bxg5 Nb6 17. Bb3 Rd7 18. Qf3 Ne8 (18... a5 $142) 19. c3 Nd5 20. Rhe1 a5 {Now Black is done in.} (20... b5 $16) 21. c4 $18 Ndf6 22. d5 a4 (22... exd5 {keeps fighting.} 23. cxd5 c5) 23. Bf4 ({Don't do} 23. dxe6 fxe6 24. Bc2 (24. Bxa4 Qa5 $18) 24... Qa5 $18) (23. Bxa4 exd5 24. cxd5 Nxd5 $16) 23... Qb6 24. dxc6 {Accuracy: White = 65%, Black = 33%.} ({Less strong is} 24. Bxa4 exd5 25. cxd5 Nxd5 $16) 1-0

[Event "42nd Arco Festival 2020"]
[Site "Arco"]
[Date "2020.10.11"]
[Round "2.8"]
[White "Lang, Alexander"]
[Black "Calavalle, Giulio"]
[Result "0-1"]
[WhiteElo "1983"]
[BlackElo "2229"]
[Annotator "TA"]
[PlyCount "104"]
[EventDate "2020.10.10"]
[EventType "swiss"]
[EventCountry "ITA"]
[SourceTitle "playchess.com"]
[Source "ChessBase"]
[SourceQuality "1"]

{[%evp 13,104,-15,-8,-11,-15,-16,-16,-11,4,8,0,-8,0,-22,0,-32,0,0,0,0,0,-6,22,16,27,-29,-18,-39,-44,-29,10,-61,-28,-70,-42,-87,-87,-256,-239,-246,-191,-187,-147,-135,-128,-184,-189,-190,-148,-174,-85,-85,-97,-199,-205,-489,-511,-494,-505,-647,-500,-601,-307,-550,-323,-751,-472,-458,-455,-404,-305,-317,-305,-769,-231,-740,-736,-713,-712,-779,-814,-814,-805,-795,-785,-1944,-1245,-29968,-5700,-29989,-29990,-29990,-29991]} 1. d4 Nf6 2. c4 e6 3. Nc3 Bb4 4. e3 O-O 5. Nge2 d5 6. a3 Bd6 7. cxd5 exd5 8. Ng3 {E46: Nimzo-Indian: Rubinstein: 4 e3 0-0 5 Ne2 without early Bd3.} c6 9. Bd3 Re8 10. O-O {[#] The position is equal.} Ng4 $146 ({Predecessor:} 10... Bxg3 11. hxg3 Ne4 12. Qc2 f5 13. g4 Qf6 14. gxf5 Bxf5 15. Nxe4 dxe4 16. Qb3+ Be6 {½-½ (57) Suleymanli,A (2429)-Sasikiran,K (2660) Budva 2019}) 11. h3 Nf6 $1 12. f4 Nbd7 13. Qf3 Nf8 14. Nf5 Bxf5 15. Bxf5 Qe7 16. Bc2 N8d7 {[%cal Bf8d7,Bd7b6,Bb6d5][%mdl 32]} 17. g4 Nb6 18. g5 Ne4 19. Bxe4 (19. Nxe4 $142 dxe4 20. Qg4) 19... dxe4 $11 20. Qg4 Bc7 21. Rf2 Qd6 22. Ne2 (22. f5 $1 $11 Qg3+ 23. Qxg3 Bxg3 24. Rg2) 22... Nd5 23. Bd2 Bb6 24. b4 a5 {[%cal Ra5b4]} 25. Nc3 $2 {[#]} (25. Rff1 $17) 25... Bxd4 $1 $19 {[%mdl 512]} 26. Rd1 (26. exd4 e3) 26... Ba7 ({Much less strong is} 26... axb4 27. Nxd5 cxd5 28. Bxb4 $17) 27. f5 Qe5 28. Nxd5 cxd5 29. Kg2 (29. g6 $17) 29... axb4 30. axb4 Rad8 31. Bc1 Qe7 (31... Qc3 $19 {has better winning chances.} 32. Re2 Qxb4) 32. f6 $17 Qe6 ({Reject} 32... Qxb4 $6 33. fxg7 Qd6 34. Rdf1 $11) 33. Qh5 (33. Qxe6 $17 {was called for.} Rxe6 34. fxg7) 33... d4 $19 34. Rf4 $2 (34. Re1) 34... dxe3 {White must now prevent ...Qa2+.} 35. Re1 {White hopes to continue with fxg7.} Rd3 36. Re2 Red8 37. fxg7 Bd4 38. Qh4 $2 (38. Qh6 Rd6 39. Qxe6 Rxe6 40. Rf1) 38... Re8 39. Qe1 $2 (39. Qh6) 39... Qe5 40. Qg3 Qd5 41. Qg4 Qc6 42. Qf5 {[%csl Gf4][%cal Rf5f7]} Qe6 ({Inferior is} 42... Bxg7 43. Qxf7+ Kh8 44. Bb2 Bxb2 {[#]} 45. Rh4 $1 {[%mdl 512]} Qg6 46. Qxg6 Re7 47. Rxb2) 43. Qb5 $2 (43. h4) 43... Qe5 $2 (43... Rc8 44. Qxb7 Rxc1 45. Rxe4 Qf5 46. Qb8+ Kxg7) 44. Rf5 $2 (44. Qxe5 Rxe5 45. h4) 44... Qxb5 45. Rxb5 Rc8 46. Bxe3 Rxe3 47. Rxe3 Bxe3 48. Rxb7 Bxg5 {KRB-KR} 49. b5 Kxg7 50. b6 Rc2+ (50... e3 $142 51. Kf3 Rc2 52. Ra7 Rf2+ 53. Ke4 e2 54. Ra1 Rf1 55. Kd3 Rxa1 56. Kxe2 Rb1 57. Kf3 Rxb6 58. Ke4 Rb3 59. Kd5 Rxh3 60. Kc5 h5 61. Kc4 h4 62. Kd4 Rg3 63. Kc4 h3 64. Kd4 h2 65. Kc4 h1=Q 66. Kc5 Be7+ 67. Kb5 Qb7+ 68. Kc4 Qc6+ 69. Kd4 Bf6#) 51. Kf1 e3 52. Rc7 e2+ {Accuracy: White = 39%, Black = 57%.} 0-1

[Event "42nd Arco Festival 2020"]
[Site "Arco"]
[Date "2020.10.11"]
[Round "2.9"]
[White "Nazarenus, Moritz"]
[Black "Lohia, Sohum"]
[Result "1-0"]
[WhiteElo "2224"]
[BlackElo "1967"]
[Annotator "TA"]
[PlyCount "87"]
[EventDate "2020.10.10"]
[EventType "swiss"]
[EventCountry "ITA"]
[SourceTitle "playchess.com"]
[Source "ChessBase"]
[SourceQuality "1"]

{[%evp 21,87,34,29,21,45,44,64,36,67,-10,-5,-29,121,118,131,125,134,115,123,120,140,140,140,144,150,140,160,140,232,218,224,224,200,158,259,258,256,260,242,251,550,544,539,527,823,747,1070,718,10737,10737,11827,29947,29971,5979,29972,29973,29973,29974,29974,29975,29973,29976,29975,29976,29976,29978,29977,29979]} 1. d4 Nf6 2. c4 g6 3. Nc3 Bg7 4. e4 O-O 5. Be3 Nc6 6. f3 e5 7. Nge2 exd4 8. Nxd4 d6 9. Qd2 Re8 10. Be2 Nh5 11. Nxc6 bxc6 12. g4 {E92: King's Indian: Classical: 6 Be2 e5: 7 dxe5, 7 Be3 and Petrosian System without 7...Nbd7.} Nf6 13. O-O-O Be6 14. Bh6 {White is slightly better.} Bh8 {[#]} 15. Bg5 $146 (15. h4 $14) ({Predecessor:} 15. h4 Qb8 16. h5 Qb4 17. hxg6 fxg6 18. e5 Nd7 {½-½ (18) Shchekachev,A (2527)-Albadri,A (2233) Vienna 2013}) 15... Qb8 $11 16. Kb1 Qb4 {[#]} (16... Nd7 $11) 17. Bxf6 $1 $16 {White now steadily converts the win.} Bxf6 {[#]} 18. Nd5 $1 $36 {[%cal Rd5f6][%mdl 2624] Double Attack, Discovered Attack. White is on the roll.} Qxb2+ (18... cxd5 19. Qxb4) 19. Qxb2 Bxb2 20. Nxc7 Ba3 21. Nxa8 Rxa8 22. Kc2 a5 23. Rb1 Bb4 24. Rhd1 f5 (24... Kg7 $16 {was called for.} 25. h3 g5) 25. gxf5 gxf5 26. Rg1+ Kf7 27. Bd3 fxe4 (27... Kf6 $16 28. exf5 Bf7) 28. fxe4 $18 {Rbf1+ is the strong threat.} ({Less strong is} 28. Bxe4 Bxc4 29. a3 (29. Bxh7 Bxa2 30. Rb2 Be6 $15) (29. Bxc6 Rc8 $11) 29... Bc5 $16) 28... Rg8 29. Rxg8 Kxg8 {[%mdl 4096] Endgame KRB-KB} 30. Kb3 d5 $2 (30... h5 31. Rg1+ Kf8) 31. exd5 cxd5 32. cxd5 Bxd5+ 33. Bc4 Bxc4+ 34. Kxc4 {KR-KB} Bd2 35. Rb7 Be1 36. Ra7 h5 37. a4 (37. Kb5 $142 Bf2 38. Rxa5 Kf7 39. Ra8 Bg1 40. h3 Bd4 41. a4 Ke7 42. a5) 37... h4 38. h3 {White mates.} Kf8 39. Kb5 Ke8 40. Rxa5 Bxa5 41. Kxa5 Kd7 42. Kb6 Kc8 43. Kc6 ({Weaker is} 43. a5 Kb8 $11) 43... Kb8 {[#]} 44. Kd6 $1 {Accuracy: White = 86%, Black = 43%.} 1-0

[Event "42nd Arco Festival 2020"]
[Site "Arco"]
[Date "2020.10.10"]
[Round "2.10"]
[White "Calavalle, Giulio"]
[Black "Baruzzo, Fabio"]
[Result "1-0"]
[WhiteElo "2229"]
[BlackElo "1849"]
[Annotator "TA"]
[PlyCount "45"]
[EventDate "2020.10.10"]
[EventType "swiss"]
[EventCountry "ITA"]
[SourceTitle "playchess.com"]
[Source "ChessBase"]
[SourceQuality "1"]

{[%evp 9,45,44,50,50,54,32,37,-6,12,-12,63,-10,10,0,35,-24,-20,-62,10,-85,-34,-44,-29,-35,0,0,0,-28,-22,-163,-158,-194,-190,-188,0,0,732,720]} 1. e4 e6 2. d4 d5 3. Nc3 Bb4 4. e5 Qd7 5. Qg4 Bf8 6. Be3 {C16: French: 3 Nc3 Bb4 4 e5: Lines without ...c5.} b6 7. Nge2 Ba6 8. h4 {[#] White is slightly better.} h5 $146 ({Predecessor:} 8... Nc6 9. g3 O-O-O 10. Bh3 Kb8 11. a3 Na5 12. b4 Nc4 13. Bf4 Ne7 14. Bg5 Re8 15. Bxe7 Qxe7 {0-1 (49) Gaprindashvili,N (2430)-Karner,H (2380) Parnu 1977}) 9. Qf3 g6 (9... c5 $11) 10. g4 (10. O-O-O $1 $14) 10... hxg4 $11 11. Qxg4 Nh6 12. Bxh6 ({White should try} 12. Qf3 $14) 12... Rxh6 13. h5 Nc6 (13... c5 $1 $15) 14. Bg2 (14. Nf4 $11 {remains equal.} Bxf1 15. Rxf1 Nxd4 16. O-O-O) 14... O-O-O (14... gxh5 $17 15. Rxh5 Nb4) 15. O-O-O $15 gxh5 16. Rxh5 Rg6 17. Qh3 Bb4 18. Nf4 Rg7 19. Rh7 (19. a3 $11 {and White stays safe.} Bxc3 20. Qxc3) 19... Rxh7 $19 20. Qxh7 {[#] Ncxd5! is the strong threat.} Bxc3 $1 21. bxc3 Na5 $2 ({Black should play} 21... Kb8 $19 {Threatens to win with ...Na5.} 22. Bh3 Qe7 23. Bxe6 fxe6 24. Qxe7 Nxe7 25. Nxe6 Re8) 22. Nxd5 $1 $11 exd5 $4 {[%mdl 8192]} (22... Bb7 $11 23. Nf6 Qa4) 23. Bh3 {Accuracy: White = 41%, Black = 56%.} 1-0

[Event "42nd Arco Festival 2020"]
[Site "Arco"]
[Date "2020.10.11"]
[Round "2.10"]
[White "Bergero, Simone"]
[Black "De Santis, Alessio"]
[Result "1/2-1/2"]
[WhiteElo "1961"]
[BlackElo "2223"]
[Annotator "TA"]
[PlyCount "49"]
[EventDate "2020.10.10"]
[EventType "swiss"]
[EventCountry "ITA"]
[SourceTitle "playchess.com"]
[Source "ChessBase"]
[SourceQuality "1"]

{[%evp 9,49,-16,20,8,12,0,29,18,27,15,60,22,27,6,6,4,27,0,60,58,53,40,77,36,47,37,40,39,49,48,53,40,49,46,74,74,54,67,86,86,102,102]} 1. e4 c5 2. f4 Nc6 3. Nf3 e6 4. Bb5 Qc7 5. d3 a6 6. Bxc6 {B21: Sicilian: 2 f4 and Morra Gambit.} Qxc6 7. O-O {[#]} d5 $146 ({Predecessor:} 7... Ne7 8. Ne5 Qc7 9. Qh5 g6 10. Qh4 Bg7 11. Ng4 d6 12. Nf6+ Bxf6 13. Qxf6 Rg8 {½-½ (44) Sulskis,G (2223)-Orso,M (2341) Budapest 2000}) 8. exd5 {White has an edge.} Qxd5 9. Nc3 Qh5 10. Be3 Nf6 11. Ne5 {[#] g4 is the strong threat.} Qxd1 12. Raxd1 b5 13. a4 b4 ({Black should play} 13... Nd5 $11 14. Rfe1 f6) 14. Ne4 $14 Nd5 15. Bf2 Ra7 16. Nxc5 ({Don't play} 16. Bxc5 $6 Bxc5+ 17. Nxc5 Ne3 $11) 16... Bxc5 17. Bxc5 Rc7 18. Bd6 Rxc2 {[#] White must now prevent ...Ne3.} 19. Rc1 $36 {[%mdl 2048] White fights for an advantage.} b3 20. Rxc2 $1 bxc2 21. Rc1 f6 22. Nc4 Bd7 23. b3 Bc6 24. Rxc2 Kd7 25. Kf2 {Accuracy: White = 81%, Black = 64%.} 1/2-1/2

[Event "42nd Arco Festival 2020"]
[Site "Arco"]
[Date "2020.10.11"]
[Round "2.11"]
[White "Dittmar, Peter"]
[Black "Altieri, Danilo Mario"]
[Result "1-0"]
[WhiteElo "2222"]
[BlackElo "1939"]
[Annotator "ChessBase"]
[PlyCount "83"]
[EventDate "2020.10.10"]
[EventType "swiss"]
[EventCountry "ITA"]
[SourceTitle "playchess.com"]
[Source "ChessBase"]
[SourceQuality "1"]
[TimeControl "40/5400+30:1800+30"]

1. c4 c6 2. g3 d5 3. Nf3 e6 4. Bg2 Bd6 5. O-O Nd7 6. d3 Ngf6 7. Nbd2 O-O 8. e4 dxe4 9. Nxe4 Nxe4 10. dxe4 Ne5 11. Qe2 Nxf3+ 12. Bxf3 e5 13. Rd1 Qe7 14. b3 Be6 15. Bb2 f6 16. Bg4 Rfd8 17. Bxe6+ Qxe6 18. Rd3 Be7 19. Rad1 Rxd3 20. Rxd3 Rd8 21. Rxd8+ Bxd8 22. c5 Be7 23. Qc2 h5 24. h4 g6 25. Bc1 Kf7 26. Be3 g5 27. hxg5 fxg5 28. Qd1 Kg6 29. Kh2 g4 30. Kg2 Qf6 31. Qd7 Qf3+ 32. Kg1 h4 33. Qe6+ Bf6 34. Qg8+ Bg7 35. Qe8+ Qf7 36. Qxf7+ Kxf7 37. gxh4 Kg6 38. Bg5 Bf8 39. b4 b6 40. b5 bxc5 41. bxc6 Bd6 42. Bd8 1-0

[Event "42nd Arco Festival 2020"]
[Site "Arco"]
[Date "2020.10.11"]
[Round "2.12"]
[White "Poschadel, Andreas Gregor"]
[Black "Heinert, Eugen"]
[Result "1-0"]
[WhiteElo "1946"]
[BlackElo "2204"]
[Annotator "ChessBase"]
[PlyCount "71"]
[EventDate "2020.10.10"]
[EventType "swiss"]
[EventCountry "ITA"]
[SourceTitle "playchess.com"]
[Source "ChessBase"]
[SourceQuality "1"]
[TimeControl "40/5400+30:1800+30"]

1. e4 e6 2. d4 d5 3. e5 c5 4. c3 Nc6 5. Nf3 Bd7 6. Be2 f6 7. O-O fxe5 8. Nxe5 Nxe5 9. dxe5 Qc7 10. c4 d4 11. Bf4 O-O-O 12. Nd2 Ne7 13. Bg3 Nf5 14. f4 Ne3 15. Qc1 Nxf1 16. Qxf1 Be7 17. h4 Rdf8 18. Qd1 Bc6 19. Bd3 Kb8 20. Qg4 Qd7 21. a3 Ka8 22. Rb1 a5 23. b3 g6 24. Be1 Rf7 25. Ne4 Rhf8 26. g3 Rg7 27. Bxa5 Bxe4 28. Bxe4 Bd8 29. Bd2 Bb6 30. a4 h6 31. a5 Bd8 32. a6 g5 33. axb7+ Kb8 34. Ra1 Ba5 35. Rxa5 gxf4 36. Ra8+ 1-0

[Event "42nd Arco Festival 2020"]
[Site "Arco"]
[Date "2020.10.11"]
[Round "2.13"]
[White "Ruecker, Benjamin"]
[Black "Zschiesing, Falk"]
[Result "1-0"]
[WhiteElo "2202"]
[BlackElo "1936"]
[Annotator "ChessBase"]
[PlyCount "111"]
[EventDate "2020.10.10"]
[EventType "swiss"]
[EventCountry "ITA"]
[SourceTitle "playchess.com"]
[Source "ChessBase"]
[SourceQuality "1"]
[TimeControl "40/5400+30:1800+30"]

1. c4 d6 2. d4 e5 3. Nc3 Nf6 4. Nf3 Nbd7 5. g3 Be7 6. Bg2 O-O 7. O-O c6 8. e4 Re8 9. h3 Bf8 10. Qc2 a6 11. Rd1 Qc7 12. Be3 Qa5 13. a3 exd4 14. b4 Qc7 15. Nxd4 Ne5 16. Qe2 b5 17. cxb5 axb5 18. Rdc1 Qb7 19. a4 bxa4 20. f4 Ng6 21. b5 c5 22. Nc6 Qc7 23. e5 dxe5 24. fxe5 Nxe5 25. b6 Qxb6 26. Nxe5 Ba6 27. Qf2 Qe6 28. Bxa8 Rxa8 29. Ng4 Nxg4 30. hxg4 Re8 31. Re1 Qxg4 32. Rxa4 Qc8 33. Rf4 Bb7 34. Kh2 Qc6 35. Rxf7 Bd6 36. Rf1 h6 37. Rxb7 Qxb7 38. Nd1 Re5 39. Qf3 Qe7 40. Kg2 Re6 41. Qd5 Kh7 42. Rf3 Re5 43. Qd3+ Kh8 44. Bf4 Re6 45. Nf2 Bxf4 46. Rxf4 Qe8 47. Qf3 Qc6 48. Qxc6 Rxc6 49. Rc4 g5 50. Ne4 Re6 51. Kf3 Kh7 52. Rxc5 Kg6 53. Rd5 Kh5 54. Rd6 g4+ 55. Kf4 Rf6+ 56. Nxf6+ 1-0

[Event "42nd Arco Festival 2020"]
[Site "Arco"]
[Date "2020.10.11"]
[Round "2.14"]
[White "Podetti, Davide"]
[Black "Buglisi, Massimo"]
[Result "1/2-1/2"]
[WhiteElo "2190"]
[BlackElo "1918"]
[Annotator "ChessBase"]
[PlyCount "35"]
[EventDate "2020.10.10"]
[EventType "swiss"]
[EventCountry "ITA"]
[SourceTitle "playchess.com"]
[Source "ChessBase"]
[SourceQuality "1"]
[TimeControl "40/5400+30:1800+30"]

1. d4 c5 2. d5 Nf6 3. Nc3 g6 4. e4 d6 5. h3 Bg7 6. Nf3 O-O 7. Be2 Na6 8. O-O Nc7 9. a4 b6 10. Bf4 Bb7 11. Re1 a6 12. Qd2 Qd7 13. Bh2 b5 14. Bf1 b4 15. Nd1 Rad8 16. c4 e5 17. Qc2 Nh5 18. Ne3 1/2-1/2

[Event "42nd Arco Festival 2020"]
[Site "Arco"]
[Date "2020.10.11"]
[Round "2.18"]
[White "Perestjuk, Marko"]
[Black "Monducci, Mirko"]
[Result "1-0"]
[WhiteElo "2124"]
[BlackElo "1885"]
[Annotator "ChessBase"]
[PlyCount "45"]
[EventDate "2020.10.10"]
[EventType "swiss"]
[EventCountry "ITA"]
[SourceTitle "playchess.com"]
[Source "ChessBase"]
[SourceQuality "1"]
[TimeControl "40/5400+30:1800+30"]

1. e4 c6 2. d4 d5 3. e5 Bf5 4. h4 h5 5. c4 e6 6. Nc3 Nd7 7. Nf3 Ne7 8. Bg5 Qb6 9. b3 Ng6 10. c5 Qc7 11. Be2 Be7 12. Bxe7 Nxe7 13. O-O Bg4 14. b4 O-O 15. Ng5 Bxe2 16. Nxe2 Nf5 17. Nf4 g6 18. Nxh5 Ng7 19. Nf4 Rae8 20. Qg4 Qc8 21. Rfe1 f6 22. Nf3 fxe5 23. Nxe5 1-0

[Event "42nd Arco Festival 2020"]
[Site "Arco"]
[Date "2020.10.12"]
[Round "3.1"]
[White "Urh, Zala"]
[Black "Moroni, Luca Jr"]
[Result "0-1"]
[WhiteElo "2195"]
[BlackElo "2551"]
[Annotator "TA"]
[PlyCount "78"]
[EventDate "2020.10.10"]
[EventType "swiss"]
[EventCountry "ITA"]
[SourceTitle "playchess.com"]
[Source "ChessBase"]
[SourceQuality "1"]

{[%evp 17,78,-10,3,-12,27,27,48,7,21,17,16,-46,-48,-45,-58,-60,-66,-111,-101,-133,-128,-132,-120,-207,-220,-197,-211,-206,-199,-219,-173,-156,-155,-197,-204,-210,-197,-234,-232,-228,-231,-236,-228,-448,-443,-440,-432,-435,-450,-493,-476,-641,-643,-628,-623,-963,-969,-869,-876,-817,-797,-1701,-1654]} 1. d4 Nf6 2. c4 e6 3. Nc3 Bb4 4. Nf3 b6 5. e3 Bb7 6. Bd2 O-O 7. Bd3 d5 8. cxd5 exd5 9. O-O Nbd7 10. Ne5 {E52: Nimzo-Indian: Rubinstein: 4...0-0 5 Nf3 d5 6 Bd3 b6.} Bd6 11. f4 Ne4 {[#]} 12. Rf3 $146 {White is slightly better.} ({Predecessor:} 12. Nxe4 dxe4 13. Bc4 Qe7 14. Rc1 c5 15. Nxd7 Qxd7 16. Bc3 Rad8 17. Qe2 Qe7 18. dxc5 Bxc5 {½-½ (52) Ghelani,D (2027)-Manish,A (2280) Mumbai 2019}) 12... Ndf6 13. Be1 Qe8 14. Bh4 (14. a4 $1 $11) 14... Nxc3 $1 $15 15. bxc3 {aiming for Bxf6.} Ne4 16. Bxe4 dxe4 17. Rg3 {[#] Rxg7+! would kill now. White is now going downhill.} f6 $1 {[%cal Rf6e5]} 18. Qg4 {[%csl Gg3][%cal Rg4g7] [#]} g6 $1 19. Nc4 Be7 20. Qe6+ (20. Nd2 $17) 20... Qf7 $19 21. Qd7 Qxc4 22. Qxe7 Qxc3 23. Rf1 Rae8 24. Qd7 Qc6 $36 {[%mdl 2048] Keeping White busy.} 25. Qg4 {With the idea f5.} Kh8 26. Qd1 Bc8 27. d5 Qd6 28. Qd4 Kg7 29. Rc1 Bd7 30. f5 $2 (30. Qc4) 30... Re5 {Black is clearly winning.} 31. fxg6 hxg6 32. Rf1 Rf7 33. Qc3 Bf5 34. Rd1 Rxd5 35. Rxd5 Qxd5 36. Bg5 Qd1+ 37. Kf2 Rd7 {And now ...Rd2+ would win.} 38. Bxf6+ Kh7 {White must now prevent ...Rd2+.} 39. Qe1 Qc2+ {[%mdl 64] Double Attack. Accuracy: White = 38%, Black = 96%.} 0-1

[Event "42nd Arco Festival 2020"]
[Site "Arco"]
[Date "2020.10.12"]
[Round "3.2"]
[White "Siebrecht, Sebastian"]
[Black "Perman, Sergey"]
[Result "1-0"]
[WhiteElo "2416"]
[BlackElo "2154"]
[Annotator "TA"]
[PlyCount "91"]
[EventDate "2020.10.10"]
[EventType "swiss"]
[EventCountry "ITA"]
[SourceTitle "playchess.com"]
[Source "ChessBase"]
[SourceQuality "1"]

{[%evp 12,91,56,39,56,59,58,57,58,48,45,42,44,38,50,49,41,45,35,35,63,51,50,0,123,128,164,146,136,146,173,168,203,196,192,161,433,182,189,173,516,544,531,512,559,553,592,595,608,600,678,676,698,639,713,696,704,693,741,747,1002,995,1038,1039,993,997,978,968,1326,1372,1391,1350,1670,1682,1622,1670,29981,29982,29974,29987,12835,7347]} 1. d4 Nf6 2. c4 g6 3. Nc3 Bg7 4. e4 d6 5. Nge2 O-O 6. Ng3 Nc6 {6...a6 is a critical line.} 7. d5 Nb4 {E70: King's Indian: Miscellaneous lines with 4 e4, including 5 Nge2 and 5 Bd3 0-0 6 Nge2.} 8. Be2 a5 9. O-O {[#]} h5 $146 {White is slightly better.} ({Predecessor:} 9... c6 10. Be3 e6 11. h3 Re8 12. Bf4 exd5 13. exd5 cxd5 14. cxd5 Qb6 15. Na4 Qd8 16. Nc3 Qb6 17. Na4 Qd8 18. Nc3 {½-½ (18) Kaposztas,M (2258)-Emodi,B (2369) Hungary 2011}) 10. Bg5 Nh7 11. Be3 h4 12. Nh1 e5 13. a3 Na6 14. b4 $36 {[%mdl 2048] White is pushing.} f5 15. f3 f4 16. Bd2 $1 h3 {[#] White must now prevent ...hxg2.} 17. g4 fxg3 (17... Ng5 $11) 18. hxg3 $16 {White now steadily converts the win.} (18. Nxg3 $6 Bd7 $11) 18... Bf6 19. Kh2 Bd7 20. Rb1 ({Don't play} 20. bxa5 $6 Nc5 $11) 20... axb4 21. axb4 Qe7 22. Nf2 Bg5 23. Nxh3 Bf4 $2 (23... Kg7 24. Kg2 Bxd2 25. Qxd2 Bxh3+ 26. Kxh3 Ng5+ 27. Kg2 Rh8) 24. Kg2 ({Less strong is} 24. Bxf4 exf4 25. Qe1 (25. Nxf4 Rxf4 26. gxf4 Qh4+ {[%mdl 64] Double Attack} 27. Kg1 Qg3+ 28. Kh1 Qh4+ 29. Kg1 Qg3+ 30. Kh1 Qh4+ 31. Kg1 $11) 25... Bxh3 $14) (24. gxf4 $142 Qh4 {[#]} 25. f5 $1 {[%mdl 512]} gxf5 26. Rg1+ Kh8 27. Qe1 Qxe1 28. Bxe1) 24... Bxh3+ 25. Kxh3 Nf6 $2 (25... Bxd2 26. Qxd2 Kg7) 26. gxf4 $18 exf4 27. Rg1 Qh7+ 28. Kg2 Qh6 29. Qe1 Kf7 30. Qf2 Rh8 {[%csl Gh8][%cal Rh6h3]} 31. Kf1 Nh5 32. c5 g5 33. Ke1 Ng3 34. Kd1 Qf6 35. Bc4 Rh6 36. c6 Rah8 37. cxb7 Nb8 38. Nb5 Rh2 39. Rg2 Rh1+ 40. Kc2 Rxb1 41. Kxb1 Qe7 42. Rh2 Rh4 43. Bd3 c6 44. Rxh4 gxh4 45. dxc6 Nxc6 46. Bxf4 {Accuracy: White = 84%, Black = 42%.} 1-0